000 00271nam a2200109Ia 4500
008 190216s9999||||xx |||||||||||||| ||und||
100 _aDpub J R M & Clivede F
245 0 _aPrinciples Of Auditing
260 _bSulthan Chand&Sons
650 _aAccountancy
942 _cBK
999 _c3824
_d3824